000 00280nam a22001337a 4500
008 170919b xxu||||| |||| 00| 0 eng d
020 _a0671076701
041 _aeng
080 _a7
100 _a44
101 _aART
245 _aMODERN ART
_cCOPPLESTONE.T
942 _2udc
_cBK
999 _c28288
_d28288